000 00327 a2200157 4500
001 164801
020 _a
040 _cMagnum
100 _aRezende, Antonio Paulo
240 1 0 _aA revolucao praieira
_lpor
245 1 0 _aA revolucao praieira
362 0 _a1899
440 1 _aÁtica
697 _aPARADIDATICO
942 _cBK
999 _c164801
_d164801